000 01287nam a2200337 i 4500
001 197645
003 ES-MaACL
005 20250831062557.0
007 ta
008 020507s2000 sp cohg||c 000|0 spa|d
017 _aS 229-2000
_bOficina Depósito Legal Salamanca
020 _a8488265751
024 _a0000929742
035 _aRebiun10270880
040 _bspa
_cES-MaACL
245 0 3 _aLa Séptima Iglesia :
_bLas Edades del Hombre. Catedral de Astorga
260 _aAstorga :
_bLas Edades del Hombre,
_c2000
300 _a133 páginas :
_bilustraciones a color y blanco y negro ;
_c30 cm
336 _2rdacontent
_atexto
337 _2rdamedia
_asin mediación
338 _2rdacarrier
_avolumen
610 2 7 _aIglesia Católica-
_zEspaña
_2
_9158479
650 0 4 _aCristianismo-
_zEspaña-
_xHistoria
_9241028
700 _aMeléndez Alonso, Antonio-Ignacio
_9240990
_eorm
852 _aES-MaACL
_cDEPO1
_jA-15728
_hDonación: Fernando Codina Rodríguez
_xEncuadernación rústica
_9206086
903 _aCodina Rodríguez, Fernando
_ednr
_9238631
942 _n0
_cMONOGRAFIA
999 _c197645
_d197645